Le brave ragazze vanno in paradiso, le cattive dappertutto /

I tiakina i:
Ngā taipitopito rārangi puna kōrero
Kaituhi matua: Ehrhardt, Ute (Author)
Hōputu: Pukapuka
Reo:Itāriana
I whakaputaina: Milano : Corbaccio, \1996!
Ngā marau:
Ngā Tūtohu: Tāpirihia he Tūtohu
Kāore He Tūtohu, Me noho koe te mea tuatahi ki te tūtohu i tēnei pūkete!

MARC

LEADER 00000nam a2200000 i 4500
001 IT\ICCU\LO1\0394371
003 ItRI
005 20260115231932.0
008 960312s1996 it |||||| ||||| |||||c
015 |2 IT  |a 96-7116 
020 |a 887972200X 
040 |b ita  |c importazione bologna sebina 
041 7 |a ita  |2 ISO-639-2 
082 |a 155.6  |9 PSICOLOGIA DEGLI ADULTI  |2 12 
082 |a 155.633  |9 PSICOLOGIA DEGLI ADULTI SECONDO IL SESSO. DONNE  |2 20 
100 1 |a Ehrhardt, Ute  |0 IT\ICCU\LO1V\152950  |4 aut 
240 1 0 |a Gute Mädchen kommen in den Himmel, böse überall hin.  |3 IT\ICCU\TO0\0367929  |9 Ehrhardt, Ute 
245 1 3 |a Le brave ragazze vanno in paradiso, le cattive dappertutto /  |c Ute Ehrhardt. 
260 |a Milano :  |b Corbaccio,  |c \1996! 
300 |a 189 p. ;  |c 21 cm 
500 |a Trad. di Stella Boschetti. 
650 7 |a Donna  |x Posizione sociale 
650 7 |a Donna  |x Psicologia 
942 |2 ddc  |c BK  |n 0 
952 |0 0  |1 0  |4 0  |6 DOC_155_633000000000000_EHR  |7 0  |9 17117  |a BO  |b BO  |d 2026-01-15  |i 8535  |l 0  |o DOC 155.633 EHR  |p BO8535  |r 2026-01-15 23:19:32  |w 2026-01-15  |x [Sebina 5] [1 v.]  |y BK  |z 1 v. 
999 |c 14615  |d 14615